000
00310nam a22001337a 4500
008
171025b xxu||||| |||| 00| 0 eng d
020
_a
9780495602941
041
_a
eng
080
_2
8 ED
_a
311
100
_a
55
101
_a
STA
245
_a
STATISTICS BEHAVIORAL SCIENCES
_c
WALLNAU.L.B
942
_2
udc
_c
BK
999
_c
35935
_d
35935